[Event "RA National Capital op U1900"]
[Site "Ottawa CAN"]
[Date "2021.11.07"]
[Round "5"]
[White "Samuel, Victor"]
[Black "Laurin, Marcel"]
[Result "0-1"]
[WhiteElo "1633"]
[BlackElo "1686"]
[PlyCount "86"]
[EventDate "2021.11.05"]
[EventType "swiss"]
[EventRounds "5"]
[EventCountry "CAN"]

1. Nf3 b6 2. d4 Bb7 3. g3 e6 4. Bg2 Ne7 5. O-O d6 6. c4 Nd7 7. b3 h6 8. Bb2 Rb8
9. Nbd2 Rg8 10. e4 g5 11. h3 Ng6 12. Qc2 h5 13. e5 g4 14. hxg4 hxg4 15. Nh2
Bxg2 16. Kxg2 Qg5 17. Ne4 Qh5 18. Rh1 Qh3+ 19. Kg1 Nf4 20. gxf4 dxe5 21. Ng5
Rxg5 22. fxg5 exd4 23. Bxd4 e5 24. Be3 g3 25. Nf1 gxf2+ 26. Qxf2 Qg4+ 27. Ng3
Nc5 28. Rf1 f5 29. gxf6 Ne4 30. Qf3 Qxg3+ 31. Qxg3 Nxg3 32. f7+ Kd7 33. Rd1+
Kc6 34. Rh8 Nf5 35. Bg5 Bc5+ 36. Kg2 Rxh8 37. Rh1 Rxh1 38. Kxh1 Bf8 39. Kg2 Kd7
40. Kf3 Nd6 41. Bf6 Ke6 42. Bd8 c6 43. Bc7 Nxf7 0-1

[Event "Scoones mem. Rapid Online"]
[Site "chess.com"]
[Date "2021.08.14"]
[Round "1.2"]
[White "Pyryaev, Konstantin"]
[Black "Selva, Karthik B"]
[Result "0-1"]
[WhiteElo "1645"]
[BlackElo "1852"]
[PlyCount "44"]
[EventDate "2021.08.14"]
[EventType "swiss (rapid)"]
[EventRounds "6"]
[EventCountry "CAN"]

1. e4 e5 2. Bc4 Nc6 3. Nf3 Bc5 4. c3 Nf6 5. d4 exd4 6. e5 d5 7. Bb5 Ne4 8. b4
Bb6 9. Bxc6+ bxc6 10. cxd4 O-O 11. O-O Bg4 12. Be3 f6 13. exf6 Qxf6 14. Nbd2
Nxd2 15. Qxd2 Bxf3 16. gxf3 Qxf3 17. Qd1 Qf6 18. Qg4 Rae8 19. Rad1 Re4 20. Qg5
Qxg5+ 21. Bxg5 Rg4+ 22. Kh1 Rxg5 0-1

[Event "Scoones mem. Rapid Online"]
[Site "chess.com"]
[Date "2021.08.14"]
[Round "1.3"]
[White "Martinez, Ludwin"]
[Black "Yang, Henry"]
[Result "1/2-1/2"]
[WhiteElo "1822"]
[BlackElo "1637"]
[PlyCount "42"]
[EventDate "2021.08.14"]
[EventType "swiss (rapid)"]
[EventRounds "6"]
[EventCountry "CAN"]

1. d4 d5 2. c4 e6 3. Nc3 Nf6 4. Bg5 Be7 5. e3 O-O 6. Nf3 Nbd7 7. cxd5 exd5 8.
Qb3 c6 9. Bd3 Re8 10. Rc1 h6 11. h4 hxg5 12. hxg5 Ne4 13. Nxe4 dxe4 14. Bxe4
Bxg5 15. Bh7+ Kf8 16. Bg6 Qf6 17. Qb4+ c5 18. Rxc5 Nxc5 19. Qxc5+ Kg8 20. Bh7+
Kh8 21. Nxg5 Be6 1/2-1/2

[Event "Scoones mem. Rapid Online"]
[Site "chess.com"]
[Date "2021.08.14"]
[Round "1.4"]
[White "Liu, Zachary"]
[Black "Landre, Geraldo Barbosa"]
[Result "1-0"]
[WhiteElo "1626"]
[BlackElo "1804"]
[PlyCount "127"]
[EventDate "2021.08.14"]
[EventType "swiss (rapid)"]
[EventRounds "6"]
[EventCountry "CAN"]

1. e4 e6 2. d4 d5 3. Nd2 c5 4. Ngf3 cxd4 5. Nxd4 Nf6 6. exd5 Nxd5 7. N2f3 Bb4+
8. Bd2 O-O 9. Bxb4 Nxb4 10. c3 N4c6 11. Bd3 e5 12. Nxc6 Nxc6 13. O-O Bg4 14.
Be2 Re8 15. h3 Bh5 16. Nd2 Bxe2 17. Qxe2 f5 18. Rad1 Qf6 19. Nb3 Rad8 20. Qb5
b6 21. Qc4+ Kf8 22. a4 Rc8 23. Qe2 Qe6 24. Nd2 Kg8 25. Qc4 e4 26. Qxe6+ Rxe6
27. Nb3 Rce8 28. Rfe1 Kf7 29. Kf1 f4 30. Nd4 Nxd4 31. Rxd4 g5 32. Red1 e3 33.
fxe3 Rxe3 34. Rd7+ R8e7 35. Rxe7+ Kxe7 36. Rd4 Re6 37. Rd5 h6 38. a5 Re3 39.
axb6 axb6 40. Rb5 Re6 41. Kf2 Kd7 42. h4 g4 43. Rb4 Rf6 44. g3 fxg3+ 45. Kxg3
h5 46. Rb5 Rh6 47. c4 Kc6 48. b3 Rh8 49. Rg5 Kd6 50. b4 Kc6 51. Rg6+ Kc7 52.
Kf4 Kb7 53. Ke4 Kc7 54. Rg5 Kd6 55. Kd4 Kc6 56. Rg6+ Kc7 57. c5 b5 58. c6 Rd8+
59. Kc5 Rd1 60. Rg7+ Kd8 61. Kb6 Rc1 62. c7+ Kc8 63. Rg8+ Kd7 64. Rd8+ 1-0

[Event "Scoones mem. Rapid Online"]
[Site "chess.com"]
[Date "2021.08.14"]
[Round "1.5"]
[White "Kagaoan, Jose"]
[Black "Escandor, Manuel Omana"]
[Result "1-0"]
[WhiteElo "1798"]
[BlackElo "1621"]
[PlyCount "99"]
[EventDate "2021.08.14"]
[EventType "swiss (rapid)"]
[EventRounds "6"]
[EventCountry "CAN"]

1. e4 e5 2. Nf3 Nc6 3. c3 g6 4. d4 exd4 5. cxd4 Bg7 6. d5 Ne5 7. Nxe5 Bxe5 8.
f4 Bg7 9. Nc3 d6 10. Bd3 Nf6 11. O-O O-O 12. h3 Nh5 13. Qf3 Qh4 14. Ne2 Re8 15.
Bd2 Bxb2 16. Rab1 Qf6 17. g4 Bd4+ 18. Kh1 Qh4 19. Be1 Qf6 20. gxh5 Bb6 21. Kh2
Bd7 22. Bg3 c6 23. hxg6 hxg6 24. Bc4 Kg7 25. e5 Qf5 26. Bh4 dxe5 27. fxe5 Qxe5+
28. Bg3 Qe7 29. d6 Qf8 30. Qxf7+ Qxf7 31. Rxf7+ Kh6 32. Rxd7 Re4 33. Bd3 Re6
34. Nf4 Re3 35. Bxg6 Rg8 36. Rh7+ Kg5 37. h4+ Kg4 38. Bh5+ Kf5 39. Rf7+ Ke4 40.
Re7+ Kf5 41. Rxe3 Bxe3 42. Ng2 Bb6 43. Rf1+ Ke4 44. Rf7 c5 45. d7 c4 46. Re7+
Kd3 47. Be2+ Kd4 48. Bf2+ Kd5 49. Bxb6 axb6 50. Re8 1-0

[Event "Scoones mem. Rapid Online"]
[Site "chess.com"]
[Date "2021.08.14"]
[Round "2.1"]
[White "Selva, Karthik B"]
[Black "Jaspal, Harleen Singh"]
[Result "0-1"]
[WhiteElo "1852"]
[BlackElo "1708"]
[PlyCount "102"]
[EventDate "2021.08.14"]
[EventType "swiss (rapid)"]
[EventRounds "6"]
[EventCountry "CAN"]

1. d4 d5 2. Bf4 Nf6 3. e3 Bf5 4. c4 c6 5. Qb3 Qb6 6. Nc3 Qxb3 7. axb3 a6 8. c5
Nbd7 9. Nf3 Rc8 10. Be2 Nh5 11. Bg5 h6 12. Bh4 Nhf6 13. h3 Ne4 14. Nxe4 Bxe4
15. O-O Bc2 16. b4 g5 17. Bg3 Bg7 18. Rfc1 Bg6 19. Bd1 Rf8 20. Bc2 Bh5 21. Nd2
e5 22. Bf5 e4 23. Nb3 Ra8 24. Na5 Ra7 25. Bd6 Rg8 26. Bc7 Be2 27. Bxd7+ Kxd7
28. Bb6 Raa8 29. Nxb7 f5 30. Ra3 f4 31. Rca1 h5 32. Re1 Bd3 33. Na5 Bf6 34. Nb3
g4 35. hxg4 hxg4 36. exf4 g3 37. Raa1 Bc2 38. Ra3 Bxb3 39. Rxb3 Bxd4 40. Rd1
Bxf2+ 41. Kf1 Rh8 42. Ra3 Kc8 43. Rda1 Kb7 44. Rd1 d4 45. Ke2 Rh2 46. Raa1 Rxg2
47. Rh1 Be3+ 48. Kf1 Rf2+ 49. Ke1 Rh2 50. Rxh2 gxh2 51. Ke2 Bg1 0-1

[Event "Scoones mem. Rapid Online"]
[Site "chess.com"]
[Date "2021.08.14"]
[Round "2.2"]
[White "Pan, Kane"]
[Black "Kagaoan, Jose"]
[Result "1-0"]
[WhiteElo "1693"]
[BlackElo "1798"]
[PlyCount "91"]
[EventDate "2021.08.14"]
[EventType "swiss (rapid)"]
[EventRounds "6"]
[EventCountry "CAN"]

1. e4 g6 2. d4 Nf6 3. e5 Nh5 4. f4 d6 5. Nf3 Bg4 6. Nc3 dxe5 7. fxe5 Nc6 8. Bb5
a6 9. Bxc6+ bxc6 10. Be3 e6 11. O-O Ng7 12. h3 Nf5 13. Bf4 h5 14. hxg4 hxg4 15.
Ng5 Qxd4+ 16. Qxd4 Nxd4 17. Rf2 Bc5 18. Nge4 Ba7 19. Rd1 O-O-O 20. Bg5 Ne2+ 21.
Kf1 Nxc3 22. Rxd8+ Rxd8 23. bxc3 Bxf2 24. Bxd8 Bb6 25. Bg5 Kb7 26. Ke2 a5 27.
Be3 Ka6 28. Bxb6 Kxb6 29. Ng5 Kc5 30. Nxf7 Kc4 31. Kd2 g3 32. Nd8 Kd5 33. c4+
Kxc4 34. Nxe6 Kd5 35. Nxc7+ Kxe5 36. Ke3 c5 37. Kf3 Kd4 38. Nb5+ Kc4 39. Nd6+
Kd5 40. Ne4 Kd4 41. Nxg3 c4 42. Ne2+ Ke5 43. g4 g5 44. c3 a4 45. a3 Kd5 46. Ng3
1-0

[Event "Scoones mem. Rapid Online"]
[Site "chess.com"]
[Date "2021.08.14"]
[Round "2.3"]
[White "Soliven, Joe"]
[Black "Pitre, Hanniegn"]
[Result "1-0"]
[WhiteElo "1790"]
[BlackElo "1669"]
[PlyCount "85"]
[EventDate "2021.08.14"]
[EventType "swiss (rapid)"]
[EventRounds "6"]
[EventCountry "CAN"]

1. e4 c6 2. d4 d5 3. Nc3 dxe4 4. Nxe4 Bf5 5. Ng3 Bg6 6. Nf3 Nd7 7. Bd3 e6 8.
Bxg6 hxg6 9. Bf4 Ngf6 10. Qd3 Qb6 11. O-O-O Be7 12. Kb1 a5 13. c4 a4 14. Ne4 a3
15. b3 Qa5 16. Nd6+ Bxd6 17. Bxd6 Qf5 18. Rhe1 b6 19. Qxf5 gxf5 20. d5 cxd5 21.
cxd5 Ne4 22. dxe6 fxe6 23. Bb4 Ndc5 24. Re2 O-O 25. Ne5 Rfd8 26. Rxd8+ Rxd8 27.
Kc2 Rd5 28. Nc4 Nd3 29. Bxa3 Ndxf2 30. Nxb6 Rd1 31. Nc4 Rh1 32. b4 Rxh2 33. b5
Rxg2 34. b6 Rg3 35. b7 Rc3+ 36. Kb1 Rxc4 37. b8=Q+ Kf7 38. Qf8+ Kg6 39. Qe8+
Kh7 40. Rxf2 Nxf2 41. Qxe6 Rf4 42. Qe3 g5 43. Bd6 1-0

[Event "Scoones mem. Rapid Online"]
[Site "chess.com"]
[Date "2021.08.14"]
[Round "2.4"]
[White "Leblanc, Paul"]
[Black "Liu, Zachary"]
[Result "1/2-1/2"]
[WhiteElo "1730"]
[BlackElo "1626"]
[PlyCount "94"]
[EventDate "2021.08.14"]
[EventType "swiss (rapid)"]
[EventRounds "6"]
[EventCountry "CAN"]

1. d4 d5 2. c4 c6 3. Nf3 Nf6 4. Nc3 e6 5. Bg5 Nbd7 6. e3 Qa5 7. Qb3 Ne4 8. Bf4
Ndf6 9. Bd3 Nxc3 10. bxc3 Be7 11. O-O O-O 12. Bg5 h6 13. Bh4 Qd8 14. Rab1 b6
15. cxd5 cxd5 16. a4 Bd7 17. Ne5 Qe8 18. Nxd7 Qxd7 19. c4 dxc4 20. Bxc4 Ne8 21.
Bg3 Nd6 22. Bd3 Rfc8 23. Rfc1 Rc7 24. Ba6 Rd8 25. Rc2 Rxc2 26. Qxc2 Nf5 27. Bc7
Rf8 28. Bb5 Qc8 29. Rc1 Nd6 30. Bxd6 Qxc2 31. Rxc2 Bxd6 32. Rc6 Bb8 33. g3 Rd8
34. Ba6 Kf8 35. Kg2 Ke7 36. Kf3 Rd6 37. Rc8 Rd8 38. Rxd8 Kxd8 39. Ke4 Ke7 40.
Kd3 Kd6 41. e4 f6 42. f4 e5 43. Kc4 Bc7 44. f5 Bb8 45. d5 Bc7 46. g4 Bb8 47.
Bb7 Bc7 1/2-1/2

[Event "Scoones mem. Rapid Online"]
[Site "chess.com"]
[Date "2021.08.14"]
[Round "2.5"]
[White "Qin, Kaiqi"]
[Black "Yao, Henry"]
[Result "0-1"]
[WhiteElo "1602"]
[BlackElo "1715"]
[PlyCount "74"]
[EventDate "2021.08.14"]
[EventType "swiss (rapid)"]
[EventRounds "6"]
[EventCountry "CAN"]

1. e4 e6 2. d4 d5 3. e5 c5 4. c3 Nc6 5. Nf3 Qb6 6. Qb3 Qxb3 7. axb3 cxd4 8.
cxd4 Bd7 9. Nc3 Rc8 10. Bd2 a6 11. Na4 Nb4 12. Bxb4 Bxb4+ 13. Kd1 Nh6 14. h3
Rc6 15. Rc1 O-O 16. Rxc6 Bxc6 17. Bd3 Rc8 18. Ke2 Bb5 19. Bxb5 axb5 20. Nc5 Rc7
21. Rc1 Nf5 22. g4 Nxd4+ 23. Nxd4 Rxc5 24. Rxc5 Bxc5 25. Nxb5 Kf8 26. f4 Ke7
27. Kd3 Kd7 28. f5 Kc6 29. Nd4+ Bxd4 30. Kxd4 Kb5 31. f6 g6 32. Kc3 g5 33. b4
b6 34. Kb3 d4 35. Kc2 Kxb4 36. Kd3 Kc5 37. b4+ Kd5 0-1

[Event "Scoones mem. Rapid Online"]
[Site "chess.com"]
[Date "2021.08.14"]
[Round "3.1"]
[White "Jaspal, Harleen Singh"]
[Black "Soliven, Joe"]
[Result "0-1"]
[WhiteElo "1708"]
[BlackElo "1790"]
[PlyCount "154"]
[EventDate "2021.08.14"]
[EventType "swiss (rapid)"]
[EventRounds "6"]
[EventCountry "CAN"]

1. e4 c6 2. Nf3 d5 3. Nc3 dxe4 4. Nxe4 Nf6 5. Ng3 Bg4 6. Bc4 e6 7. c3 Be7 8. h3
Bxf3 9. Qxf3 Nbd7 10. d4 Nb6 11. Bb3 O-O 12. Bc2 Qd5 13. Qd3 Qc4 14. Qxc4 Nxc4
15. Bd3 b5 16. Bxc4 bxc4 17. Bg5 Rab8 18. Bxf6 Bxf6 19. O-O-O Rb5 20. f4 g5 21.
Ne4 Be7 22. Nd2 gxf4 23. Nxc4 Rg5 24. Rd2 c5 25. dxc5 Rxc5 26. b3 Bh4 27. Kc2
e5 28. Nd6 f5 29. c4 Ra5 30. Kd3 e4+ 31. Ke2 e3 32. Rc2 Be7 33. Rd1 Rf6 34. Nc8
Bf8 35. Kf3 Rc6 36. Rd8 Kf7 37. Kxf4 Re6 38. Kf3 Bb4 39. Rd7+ Kf6 40. Rxh7 Ke5
41. Kxe3 Bc5+ 42. Kf3 Re8 43. Re2+ Kf6 44. Rxe8 Rxa2 45. Re2 Ra3 46. Rh6+ Kg5
47. Rc6 Rxb3+ 48. Re3 Rxe3+ 49. Kf2 Bd4 50. Kf1 Kf4 51. Rd6 Be5 52. Ra6 Bc3 53.
Rxa7 Be1 54. Ra1 Bg3 55. Rc1 Ke4 56. Nd6+ Bxd6 57. h4 Bc5 58. h5 Kf4 59. h6 Re6
60. Rc2 Rxh6 61. Rd2 Rd6 62. Ra2 Rd3 63. Ra5 Bd4 64. Rd5 Ke3 65. Ke1 Bc3+ 66.
Kf1 Rxd5 67. cxd5 Be5 68. Ke1 Bg3+ 69. Kf1 Ke4 70. Ke2 Kxd5 71. Kf3 Be5 72. g4
f4 73. g5 Ke6 74. Ke4 Bc7 75. Kf3 Kf5 76. g6 Kxg6 77. Kg4 Bb8 0-1

[Event "Scoones mem. Rapid Online"]
[Site "chess.com"]
[Date "2021.08.14"]
[Round "3.2"]
[White "Yao, Henry"]
[Black "Pan, Kane"]
[Result "1/2-1/2"]
[WhiteElo "1715"]
[BlackElo "1693"]
[PlyCount "89"]
[EventDate "2021.08.14"]
[EventType "swiss (rapid)"]
[EventRounds "6"]
[EventCountry "CAN"]

1. e4 c5 2. Nf3 Nc6 3. d4 cxd4 4. Nxd4 g6 5. Nc3 Bg7 6. Be3 Nf6 7. Qd2 O-O 8.
f3 d5 9. exd5 Nxd5 10. Nxd5 Qxd5 11. Nxc6 Qxc6 12. c3 Bf5 13. Be2 Rfd8 14. Qc1
Rd7 15. O-O Rad8 16. Rd1 Rxd1+ 17. Bxd1 a6 18. Bc2 Bxc2 19. Qxc2 Qd5 20. a3 b5
21. Re1 e6 22. Re2 Qc4 23. Rd2 Rxd2 24. Qxd2 h5 25. Kf2 Qh4+ 26. Kg1 Qc4 27.
Kf2 Qh4+ 28. Kg1 e5 29. h3 f5 30. Bf2 Qc4 31. Qd6 Kh7 32. Qd2 e4 33. fxe4 fxe4
34. Bd4 Bxd4+ 35. Qxd4 Qe2 36. Qf2 Qd3 37. Qf7+ Kh6 38. Qf4+ Kg7 39. Qc7+ Kh6
40. Qf4+ g5 41. Qf6+ Kh7 42. Qf7+ Kh6 43. Qf6+ Kh7 44. Qf7+ Kh6 45. Qf6+
1/2-1/2

[Event "Scoones mem. Rapid Online"]
[Site "chess.com"]
[Date "2021.08.14"]
[Round "3.3"]
[White "Ingram, Richard"]
[Black "Leblanc, Paul"]
[Result "1-0"]
[WhiteElo "1500"]
[BlackElo "1730"]
[PlyCount "59"]
[EventDate "2021.08.14"]
[EventType "swiss (rapid)"]
[EventRounds "6"]
[EventCountry "CAN"]

1. e4 c6 2. d4 d5 3. Nd2 dxe4 4. Nxe4 Nf6 5. Nxf6+ gxf6 6. g3 Bf5 7. Nf3 e6 8.
Bg2 Nd7 9. O-O Bd6 10. Re1 Qa5 11. Bd2 Qb6 12. b3 O-O 13. c4 Bb4 14. c5 Qa5 15.
a3 Bxd2 16. Nxd2 Bd3 17. b4 Qa6 18. Ne4 Bxe4 19. Rxe4 f5 20. Rh4 f6 21. Qb3
Rae8 22. Re1 Rf7 23. Rxe6 Rxe6 24. Qxe6 Qxa3 25. Rxh7 Kxh7 26. Qxf7+ Kh6 27.
Qxd7 Qxb4 28. h4 a5 29. Qxf5 Qxd4 30. Be4 1-0

[Event "Scoones mem. Rapid Online"]
[Site "chess.com"]
[Date "2021.08.14"]
[Round "3.4"]
[White "Liu, Zachary"]
[Black "Yang, Henry"]
[Result "1-0"]
[WhiteElo "1626"]
[BlackElo "1637"]
[PlyCount "65"]
[EventDate "2021.08.14"]
[EventType "swiss (rapid)"]
[EventRounds "6"]
[EventCountry "CAN"]

1. e4 e5 2. Nf3 Nc6 3. d4 exd4 4. Nxd4 Bc5 5. Be3 Qf6 6. c3 Nge7 7. Bc4 b6 8.
O-O O-O 9. Nxc6 Qxc6 10. Bxc5 Qxc5 11. Bb3 Ba6 12. Re1 Rad8 13. Nd2 Ng6 14. Nf3
Rfe8 15. Qd2 Bb7 16. Bc2 h6 17. Nd4 Qg5 18. Qxg5 hxg5 19. Nb5 c6 20. Nd6 Re6
21. Nxb7 Rb8 22. Bb3 Rxb7 23. Bxe6 fxe6 24. e5 Kf7 25. Rad1 Ke7 26. Rd4 Nh8 27.
g3 Nf7 28. f4 g4 29. Kg2 d5 30. exd6+ Nxd6 31. Rd2 Ne8 32. Rde2 Nc7 33. f5 1-0

[Event "Scoones mem. Rapid Online"]
[Site "chess.com"]
[Date "2021.08.14"]
[Round "3.5"]
[White "Pitre, Hanniegn"]
[Black "Selva, Karthik B"]
[Result "1-0"]
[WhiteElo "1669"]
[BlackElo "1852"]
[PlyCount "143"]
[EventDate "2021.08.14"]
[EventType "swiss (rapid)"]
[EventRounds "6"]
[EventCountry "CAN"]

1. e4 e5 2. f4 exf4 3. Nf3 Be7 4. Nc3 Bh4+ 5. Ke2 Be7 6. d4 g5 7. h4 d6 8. hxg5
Bxg5 9. Nd5 Nf6 10. Nxg5 Nxe4 11. Nxe4 Bg4+ 12. Kf2 Bxd1 13. Nef6+ Kf8 14. Bxf4
h5 15. Rxd1 c6 16. Re1 cxd5 17. Re8+ Qxe8 18. Nxe8 Kxe8 19. Bb5+ Nc6 20. Bxd6
Kd7 21. Bf4 a6 22. Ba4 Rae8 23. c3 Re4 24. Bh2 Rhe8 25. Bd1 h4 26. Bf3 Re3 27.
Bf4 R3e7 28. Bg4+ f5 29. Bh5 Rh8 30. Rxh4 Reh7 31. g4 Ne7 32. Be5 Ng6 33. Bxg6
Rxh4 34. Bxf5+ Ke7 35. Bxh8 Rxh8 36. Kg3 Kf6 37. a4 Rh1 38. Bc8 Rh7 39. Bf5 Rc7
40. Kf4 Rc4 41. g5+ Ke7 42. Ke5 Rxa4 43. Bc8 b6 44. Bb7 Kf8 45. Bxd5 Kg7 46.
Kd6 Kg6 47. Kc6 b5 48. Bb3 Ra1 49. d5 Kxg5 50. d6 Rf1 51. d7 Rf8 52. Kc7 Kf4
53. d8=Q Rxd8 54. Kxd8 Ke3 55. c4 Kd4 56. cxb5 axb5 57. Bf7 Kc5 58. Kc7 b4 59.
b3 Kb5 60. Kd6 Kb6 61. Kd5 Kb5 62. Be8+ Ka5 63. Kc4 Ka6 64. Kxb4 Kb6 65. Kc4
Ka6 66. Kc5 Kb7 67. Bc6+ Kc7 68. Kb5 Kb8 69. Kb6 Kc8 70. b4 Kb8 71. b5 Kc8 72.
Ka7 1-0

[Event "Scoones mem. Rapid Online"]
[Site "chess.com"]
[Date "2021.08.15"]
[Round "4.1"]
[White "Soliven, Joe"]
[Black "Yao, Henry"]
[Result "1-0"]
[WhiteElo "1790"]
[BlackElo "1715"]
[PlyCount "49"]
[EventDate "2021.08.14"]
[EventType "swiss (rapid)"]
[EventRounds "6"]
[EventCountry "CAN"]

1. e4 e6 2. d4 d5 3. Nd2 Nf6 4. e5 Nfd7 5. Bd3 c5 6. c3 Nc6 7. Ne2 Qb6 8. Nf3
Be7 9. O-O cxd4 10. cxd4 f6 11. Nf4 Nb4 12. Bb1 O-O 13. a3 Na6 14. exf6 Nxf6
15. Re1 Re8 16. Ng5 Nc7 17. Qd3 Qb5 18. Qc2 Qc6 19. Qd3 Qb5 20. Qg3 Bd6 21. Re5
Qa4 22. Qd3 Qb5 23. Qxh7+ Nxh7 24. Bxh7+ Kf8 25. Ng6# 1-0

[Event "Scoones mem. Rapid Online"]
[Site "chess.com"]
[Date "2021.08.15"]
[Round "4.2"]
[White "Pan, Kane"]
[Black "Ingram, Richard"]
[Result "1-0"]
[WhiteElo "1693"]
[BlackElo "1500"]
[PlyCount "73"]
[EventDate "2021.08.14"]
[EventType "swiss (rapid)"]
[EventRounds "6"]
[EventCountry "CAN"]

1. e4 c5 2. d4 cxd4 3. c3 e5 4. cxd4 exd4 5. Nf3 Nc6 6. Nxd4 Nf6 7. Nc3 Bb4 8.
Bc4 O-O 9. O-O Re8 10. Nxc6 bxc6 11. Qb3 Qe7 12. Bxf7+ Qxf7 13. Qxb4 d5 14.
exd5 cxd5 15. Bf4 Be6 16. Nb5 Red8 17. Nc7 Rac8 18. Rac1 Ne4 19. Nxe6 Qxe6 20.
Rxc8 Rxc8 21. Re1 Qf6 22. Be3 a6 23. Bd4 Qf7 24. f3 Rc4 25. Qb8+ Qf8 26. Qe5
Nf6 27. g4 h6 28. h4 Qf7 29. Qb8+ Kh7 30. Bxf6 Qxf6 31. Re8 Qd4+ 32. Kg2 Rc2+
33. Kh3 Qf6 34. Rh8+ Kg6 35. h5+ Kg5 36. Kg3 Rc4 37. Rf8 1-0

[Event "Scoones mem. Rapid Online"]
[Site "chess.com"]
[Date "2021.08.15"]
[Round "4.3"]
[White "Pitre, Hanniegn"]
[Black "Liu, Zachary"]
[Result "0-1"]
[WhiteElo "1669"]
[BlackElo "1626"]
[PlyCount "60"]
[EventDate "2021.08.14"]
[EventType "swiss (rapid)"]
[EventRounds "6"]
[EventCountry "CAN"]

1. e4 c5 2. b4 cxb4 3. Bb2 d5 4. exd5 Qxd5 5. d4 Nf6 6. Nf3 e6 7. Bd3 Be7 8.
O-O O-O 9. Re1 Nc6 10. a3 b6 11. axb4 Bxb4 12. c4 Qd8 13. Nc3 Bb7 14. d5 exd5
15. cxd5 Ne7 16. Re5 Bd6 17. Rg5 h6 18. Rxg7+ Kxg7 19. Ne4 Neg8 20. Nh4 Bc8 21.
Qf3 Re8 22. Nxd6 Qxd6 23. Nf5+ Bxf5 24. Qxf5 Rad8 25. g4 Qxd5 26. Qh7+ Kf8 27.
Ba3+ Re7 28. Bxe7+ Kxe7 29. Rxa7+ Kf8 30. Qf5 Qxd3 0-1

[Event "Scoones mem. Rapid Online"]
[Site "chess.com"]
[Date "2021.08.15"]
[Round "4.4"]
[White "Landre, Geraldo Barbosa"]
[Black "Kagaoan, Jose"]
[Result "0-1"]
[WhiteElo "1804"]
[BlackElo "1798"]
[PlyCount "82"]
[EventDate "2021.08.14"]
[EventType "swiss (rapid)"]
[EventRounds "6"]
[EventCountry "CAN"]

1. d4 g6 2. Bf4 c5 3. e3 Qb6 4. Nc3 e6 5. Nb5 Na6 6. a4 d5 7. a5 Qd8 8. Nf3 Nf6
9. h4 Be7 10. Ne5 Nh5 11. Bh6 f6 12. Nf3 Kf7 13. g4 Ng7 14. c3 Bd7 15. g5 Nf5
16. gxf6 Bxf6 17. Bg5 c4 18. Ne5+ Kg7 19. Bxf6+ Kxf6 20. Na3 Be8 21. Qg4 h5 22.
Qd1 Kg7 23. Bh3 Qxh4 24. Qf3 Qf6 25. e4 Nd6 26. exd5 Qxf3 27. Nxf3 exd5 28. Be6
Nc7 29. Bh3 Bf7 30. O-O Rhf8 31. Ne5 Be6 32. Bg2 Rf5 33. Nc2 h4 34. Ne3 Rg5 35.
Kh2 Rf8 36. f4 Rg3 37. Rae1 Nf5 38. N5g4 Rxg4 39. Nxg4 Ng3 40. Rxe6 Nxf1+ 41.
Bxf1 Nxe6 0-1

[Event "Scoones mem. Rapid Online"]
[Site "chess.com"]
[Date "2021.08.15"]
[Round "4.5"]
[White "Leblanc, Paul"]
[Black "Wang, Steven"]
[Result "1/2-1/2"]
[WhiteElo "1730"]
[BlackElo "1740"]
[PlyCount "48"]
[EventDate "2021.08.14"]
[EventType "swiss (rapid)"]
[EventRounds "6"]
[EventCountry "CAN"]

1. d4 Nf6 2. c4 g6 3. Nc3 d5 4. Nf3 Bg7 5. Qb3 dxc4 6. Qxc4 O-O 7. e4 Nbd7 8.
Bf4 c6 9. Be2 Qb6 10. Rb1 Nh5 11. Be3 Qc7 12. e5 Nb6 13. Qb4 f6 14. exf6 Nxf6
15. O-O Be6 16. Bg5 Nfd5 17. Nxd5 Nxd5 18. Qa3 h6 19. Bh4 Nf4 20. Rfe1 g5 21.
Bg3 Bd5 22. Rbd1 Qd6 23. Qc3 Rad8 24. Bc4 e6 1/2-1/2

[Event "Scoones mem. Rapid Online"]
[Site "chess.com"]
[Date "2021.08.15"]
[Round "5.1"]
[White "Pan, Kane"]
[Black "Soliven, Joe"]
[Result "1-0"]
[WhiteElo "1693"]
[BlackElo "1790"]
[PlyCount "81"]
[EventDate "2021.08.14"]
[EventType "swiss (rapid)"]
[EventRounds "6"]
[EventCountry "CAN"]

1. d4 d5 2. Bf4 Nf6 3. Nf3 e6 4. c3 c5 5. e3 Nc6 6. Bd3 Bd6 7. Bg3 Bxg3 8. hxg3
b6 9. Nbd2 Bb7 10. Ne5 Nxe5 11. dxe5 Nd7 12. f4 f5 13. g4 g6 14. gxf5 exf5 15.
g4 c4 16. Bc2 d4 17. Rh2 dxc3 18. Nxc4 cxb2 19. Nd6+ Kf8 20. Rb1 Qc7 21. Nxb7
Qxb7 22. Qd6+ Ke8 23. Ba4 b5 24. Rbxb2 a6 25. gxf5 Qf3 26. f6 Qxe3+ 27. Rhe2
Qc3+ 28. Rbd2 Qg3+ 29. Kd1 Qg1+ 30. Re1 Qg4+ 31. Kc1 Rc8+ 32. Bc2 Kd8 33. Qb6+
Ke8 34. f7+ Kf8 35. Qd6+ Kg7 36. f8=Q+ Rhxf8 37. Qxd7+ Qxd7 38. Rxd7+ Kh8 39.
e6 Rxf4 40. e7 Rd8 41. exd8=Q+ 1-0

[Event "Scoones mem. Rapid Online"]
[Site "chess.com"]
[Date "2021.08.15"]
[Round "5.2"]
[White "Liu, Zachary"]
[Black "Kagaoan, Jose"]
[Result "1/2-1/2"]
[WhiteElo "1626"]
[BlackElo "1798"]
[PlyCount "103"]
[EventDate "2021.08.14"]
[EventType "swiss (rapid)"]
[EventRounds "6"]
[EventCountry "CAN"]

1. e4 g6 2. d4 Nf6 3. Nc3 d5 4. e5 Ne4 5. Nxe4 dxe4 6. c3 c5 7. Be3 cxd4 8.
cxd4 Nc6 9. Bc4 Bg7 10. Ne2 Bg4 11. h3 Bxe2 12. Bxe2 Qa5+ 13. Qd2 Qxd2+ 14.
Kxd2 Rd8 15. Kc3 O-O 16. Rac1 Rc8 17. Kb3 Rfd8 18. Rhd1 e6 19. Rc3 h6 20. f3
exf3 21. Bxf3 Ne7 22. Rdc1 Rxc3+ 23. Rxc3 Nf5 24. Kc4 b5+ 25. Kxb5 Rb8+ 26. Ka4
Rxb2 27. Ka3 Rb8 28. Bg1 Bf8+ 29. Ka4 Nxd4 30. Bxd4 Rb4+ 31. Ka5 Rxd4 32. Rc7
Bb4+ 33. Ka6 Bd2 34. Rxa7 Ra4+ 35. Kb7 Rxa7+ 36. Kxa7 Bf4 37. a4 Bxe5 38. a5
Kg7 39. a6 Kf6 40. Kb7 Bd4 41. a7 Bxa7 42. Kxa7 Ke5 43. Kb6 Kf4 44. Kc5 f5 45.
Bd1 e5 46. Kd5 e4 47. g4 e3 48. Kd4 fxg4 49. hxg4 h5 50. gxh5 gxh5 51. Bxh5 Kg5
52. Kxe3 1/2-1/2

[Event "Scoones mem. Rapid Online"]
[Site "chess.com"]
[Date "2021.08.15"]
[Round "5.3"]
[White "Wang, Steven"]
[Black "Hughes-Dupuy, Henry"]
[Result "1-0"]
[WhiteElo "1740"]
[BlackElo "1666"]
[PlyCount "119"]
[EventDate "2021.08.14"]
[EventType "swiss (rapid)"]
[EventRounds "6"]
[EventCountry "CAN"]

1. e4 e6 2. d3 d5 3. Nd2 c5 4. Ngf3 Nc6 5. g3 Nf6 6. Bg2 b6 7. O-O Bb7 8. c3
Be7 9. e5 Nd7 10. d4 Qc7 11. a3 Rc8 12. Re1 h6 13. Nf1 a5 14. h4 b5 15. N1h2
Qb6 16. Be3 b4 17. axb4 axb4 18. Qb3 c4 19. Qc2 Na5 20. Nd2 Bc6 21. Reb1 Rb8
22. cxb4 Bxb4 23. Nhf3 O-O 24. g4 Rfc8 25. h5 Rc7 26. g5 hxg5 27. Bxg5 Nf8 28.
h6 g6 29. Qd1 Nh7 30. Be3 Rcb7 31. b3 Bxd2 32. Nxd2 c3 33. Nf3 Qb4 34. Ne1 Nxb3
35. Nc2 Qe7 36. Ra3 Nd2 37. Rxb7 Qxb7 38. Bxd2 cxd2 39. Qxd2 Qb1+ 40. Kh2 Qb6
41. Rg3 Qd8 42. Qf4 Qe7 43. Ne3 Rb3 44. Nf5 exf5 45. Rxb3 Bd7 46. Bxd5 g5 47.
Rb8+ Nf8 48. Qf3 g4 49. Qg3 Kh7 50. Rb6 Ng6 51. Rf6 f4 52. Qb3 Kxh6 53. Bxf7
Bf5 54. Bxg6 Bxg6 55. Qe6 g3+ 56. fxg3 fxg3+ 57. Kg1 Qg7 58. Qh3+ Kg5 59. Qxg3+
Kh6 60. Qh4# 1-0